Fr. Conceicao Rodrigues College of Engineering

Elements of Materials Science & Engineering (Record no. 32154)

MARC details
000 -LEADER
fixed length control field 00288nam a2200121Ia 4500
100 ## - MAIN ENTRY--PERSONAL NAME
Personal name Van Vlack/L.H
245 ## - TITLE STATEMENT
Title Elements of Materials Science & Engineering
260 ## - PUBLICATION, DISTRIBUTION, ETC.
Name of publisher, distributor, etc. Addison Wesly
Place of publication, distribution, etc. Reading
Date of publication, distribution, etc. 1989
300 ## - PHYSICAL DESCRIPTION
Extent 598
546 ## - LANGUAGE NOTE
Language note ENGLISH
654 ## - SUBJECT ADDED ENTRY--FACETED TOPICAL TERMS
Focus term Material Science
942 ## - ADDED ENTRY ELEMENTS (KOHA)
Koha item type BOOK
Holdings
Withdrawn status Lost status Damaged status Not for loan Collection Home library Current library Date acquired Cost, normal purchase price Inventory number Total Checkouts Full call number Barcode Date last seen Cost, replacement price Price effective from Koha item type Shelving location
        AFT Fr. Agnel's C.Rodrigues College of Engineering Fr. Agnel's C.Rodrigues College of Engineering 17/03/2023 84.60 T-473   AFT1918 17/03/2023 84.60 17/03/2023 BOOK  
        CRC Fr. Agnel's C.Rodrigues College of Engineering Fr. Agnel's C.Rodrigues College of Engineering 17/03/2023       620.11 VAN 8730 17/03/2023   17/03/2023 BOOK  
        CRC Fr. Agnel's C.Rodrigues College of Engineering Fr. Agnel's C.Rodrigues College of Engineering 17/03/2023       620.11 VAN 8731 17/03/2023   17/03/2023 BOOK